Normal view
MARC view
Entry Personal Name
001 - CONTROL NUMBER
- control field: 54417
003 - CONTROL NUMBER IDENTIFIER
- control field: OSt
005 - DATE AND TIME OF LATEST TRANSACTION
- control field: 20250616143059.0
008 - FIXED-LENGTH DATA ELEMENTS
- fixed length control field: 250616|| aca||aabn | a|a d
040 ## - CATALOGING SOURCE
- Original cataloging agency: OSt
- Transcribing agency: OSt
100 ## - HEADING--PERSONAL NAME
- Personal name: Naithani, Vidushi Dobhal and Semwal M.M
670 ## - SOURCE DATA FOUND
- Source citation: Work cat.: (OSt)530455: Naithani, Vidushi Dobhal and Semwal M.M, Reconciling Sustainable Development with Human well- being: India's vision for an inclusive future
